| 000 | 00494nam a2200181Ia 4500 | ||
|---|---|---|---|
| 003 | OSt | ||
| 005 | 20250117143336.0 | ||
| 008 | 210210b1962 xxu||||| |||| 00| 0 eng d | ||
| 040 | _cAL | ||
| 041 | _akan | ||
| 082 | _a859/138 | ||
| 100 |
_aKRASHNARAYA (A N) _9154930 _dಕೃಷ್ಣರಾಯ (ಅ ನ ಕೃ). |
||
| 245 |
_aEnakshi: _bಏನಾಕ್ಷಿ |
||
| 260 |
_aBengaluru _bPragati Prakatanalaya _c1962 |
||
| 690 |
_aKannada Fiction _9154932 |
||
| 906 | _a020919 | ||
| 942 |
_2ddc _cBK |
||
| 999 |
_c145076 _d145076 |
||